Las estructuras clínicas a partir de Lacan
Uloženo v:
| Hlavní autor: | |
|---|---|
| Médium: | Kniha |
| Jazyk: | španělština |
| Vydáno: |
Buenos Aires
Letra Viva
2008
|
| Vydání: | 2a. ed |
| Témata: | |
| Tagy: |
Přidat tag
Žádné tagy, Buďte první, kdo vytvoří štítek k tomuto záznamu!
|
MARC
| LEADER | 00000cam a2200000 a 4500 | ||
|---|---|---|---|
| 001 | UCF2693 | ||
| 003 | CL-VaPUC | ||
| 008 | 120830e20080000AG |||||||||||||||||spa|d | ||
| 020 | |a 9789506490331v.1 | ||
| 020 | |a 9789506491741v.2 | ||
| 082 | 0 | 4 | |a 150.195 |b EID |2 21 |
| 100 | 0 | |a Eidelsztein, Alfredo |e author |9 564443 | |
| 245 | 1 | 4 | |a Las estructuras clínicas a partir de Lacan |
| 250 | |a 2a. ed | ||
| 300 | |a v | ||
| 942 | |c BK | ||
| 945 | |d 20120830 00:00:00 |a dcastane | ||
| 260 | |a Buenos Aires |b Letra Viva |c 2008 | ||
| 500 | |a v.1: Intervalo y holofrase, locura, psicosis, psicosomática y debilidad mental | ||
| 500 | |a v.2: Neurosis, histeria, obsesión. fobia, fetichismo y perversiones | ||
| 650 | 0 | |a Psicoanálisis |9 265702 | |
| 650 | 7 | |a INCONSCIENTE |2 CL-VaPUC |9 334612 | |
| 650 | 0 | |a Desarrollo individual |9 307875 | |
| 650 | 7 | |a LOCURA |2 CL-VaPUC |9 497956 | |
| 650 | 7 | |a PSICOSIS |2 CL-VaPUC |9 315438 | |
| 650 | 0 | |a Neurosis |9 312889 | |
| 650 | 7 | |a HISTERIA |2 CL-VaPUC |9 334741 | |
| 650 | 7 | |a OBSESION |2 CL-VaPUC |9 439074 | |
| 583 | |a last modification |c 20120830 10:25:00 |k Rodrigo Vera | ||
| 999 | |c 349233 |d 349231 | ||
| 952 | |0 0 |1 0 |4 0 |6 150_195000000000000_EID_2008 |7 0 |8 R |9 451743 |a BIBEDU |b BIBEDU |c MCIRC |d 2019-11-22 |h v.1 |i 4899849 |l 4 |o 150.195 EID 2008 |p 4899849 |r 2023-01-13 |s 2021-01-20 |w 2019-11-22 |y BK_R |k PSI | ||
| 952 | |0 0 |1 0 |4 0 |6 150_195000000000000_EID_2008 |7 0 |8 R |9 451744 |a BIBEDU |b BIBEDU |c MCIRC |d 2019-11-22 |h v.1 |i 4899857 |o 150.195 EID 2008 |p 4899857 |r 2023-01-13 |w 2019-11-22 |y BK_R |k PSI | ||
| 952 | |0 0 |1 0 |4 0 |6 150_195000000000000_EID_2008 |7 0 |8 R |9 451745 |a BIBEDU |b BIBEDU |c MCIRC |d 2019-11-22 |h v.2 |i 4899865 |o 150.195 EID 2008 |p 4899865 |r 2024-12-03 |w 2019-11-22 |y BK_R |k PSI | ||
| 952 | |0 0 |1 0 |4 0 |6 150_195000000000000_EID_2008 |7 0 |8 R |9 451746 |a BIBEDU |b BIBEDU |c MCIRC |d 2019-11-22 |h v.2 |i 4899873 |o 150.195 EID 2008 |p 4899873 |r 2023-01-13 |w 2019-11-22 |y BK_R |k PSI | ||